| 000 | 00468nam a2200157Ia 4500 | ||
|---|---|---|---|
| 008 | 190805s9999||||xx |||||||||||||| ||und|| | ||
| 020 |
_a9788121901611 _cRs. 175.00 |
||
| 082 | 0 | 4 |
_a515.63 _bN1646 |
| 100 | 1 | _aNarayan, Shanti | |
| 245 | 1 | 2 |
_aA Textbook of Vector Calculus / _cShanti Narayan |
| 260 |
_aNew Delhi : _bS. Chand & Company, _c2014 |
||
| 300 |
_axii, 356 p. _b : _c; 21 cm. |
||
| 650 | 0 |
_aVector analysis _vTextbooks |
|
| 942 | _cBK | ||
| 999 |
_c267 _d267 |
||